|
|
|
|
| LEADER |
01040nam a2200241 a 4500 |
| 001 |
12406214 |
| 008 |
091017s2004 nyua b 001 0 eng d |
| 010 |
|
|
|a 2001034691
|
| 020 |
|
|
|a 8125027416
|
| 020 |
|
|
|a 0820455792 (alk. paper)
|
| 040 |
|
|
|a DLC
|c DLC
|d DLC
|
| 082 |
0 |
0 |
|a 791.45/6
|2 21
|
| 100 |
1 |
|
|a Juluri, Vamsee,
|d 1969-
|
| 245 |
1 |
0 |
|a Becoming a global audience :
|b longing and belonging in Indian music television /
|c Vamsee Juluri.
|
| 260 |
|
|
|a New York:
|a New Delhi :
|b P. Lang:
|b Orient Longman,
|c c2004.
|
| 300 |
|
|
|a 155 p. :
|b ill. ;
|c 23 cm.
|
| 490 |
0 |
|
|a Intersections in communications and culture ;
|v v. 2
|
| 504 |
|
|
|a Includes bibliographical references (p. [145]-152) and index.
|
| 541 |
1 |
|
|e 00019423
|
| 650 |
|
0 |
|a Music television
|z India.
|
| 852 |
4 |
|
|a Ayesha Abed Library
|j General Shelf.
|
| 999 |
|
|
|c 4622
|d 4622
|
| 952 |
|
|
|0 0
|1 0
|2 ddc
|4 0
|6 791_456000000000000_JUL
|7 0
|9 4406
|a BRACUL
|b BRACUL
|c GEN
|d 2009-10-09
|l 1
|o 791.456 JUL
|p 3010019423
|r 2014-05-14
|s 2013-02-18
|t 1
|w 2009-10-18
|y BK
|x Transferred from ENH to Ayesha Abed library on 20/12/2023
|